[Event "LSS SN-2009-0-00188"]
[Site "LSS email"]
[Date "2009.09.30"]
[Round "?"]
[White "McGuire, Paul"]
[Black "Ruslin, Alexey"]
[Result "0-1"]
[WhiteElo "631"]
[BlackElo "878"]
[PlyCount "36"]
[EventDate "2009.09.13"]
[EventType "tourn (corr)"]
[EventRounds "6"]
[EventCountry "GER"]
[SourceTitle "Telechess CBM 137"]
[Source "ChessBase"]
[SourceDate "2010.07.15"]
[SourceVersion "1"]
[SourceVersionDate "2010.07.15"]
[SourceQuality "1"]

1. d4 e6 2. c4 b6 3. e4 Bb7 4. Bd3 f5 5. d5 fxe4 6. Bxe4 Qh4 7. Qf3 Nf6 8. Nc3 Bb4 9. Bd2 Bxc3 10. bxc3 Qxe4+ 11. Qxe4 Nxe4 12. Nf3 Nxd2 13. Kxd2 0-0 14. Rhe1 exd5 15. cxd5 Bxd5 16. Ke3 Nc6 17. a4 Bxf3 18. gxf3 Rae8+ 0-1

[Event "LSS No Engine Cup 07 Preliminary 3"]
[Site "LSS email"]
[Date "2009.09.24"]
[Round "?"]
[White "Larin, Igor Yaroslavovich"]
[Black "McGuire, Paul"]
[Result "1-0"]
[WhiteElo "2162"]
[BlackElo "469"]
[PlyCount "21"]
[EventDate "2009.09.25"]
[EventType "tourn (corr)"]
[EventRounds "6"]
[EventCountry "GER"]
[SourceTitle "Corr 2015"]
[Source "ChessBase"]
[SourceDate "2015.07.17"]
[SourceVersion "1"]
[SourceVersionDate "2015.07.17"]
[SourceQuality "1"]

1. e4 e5 2. Nf3 d6 3. d4 exd4 4. Nxd4 c5 5. Bb5+ Bd7 6. Bxd7+ Qxd7 7. Nf5 Nf6 8. Nc3 Be7 9. Nxg7+ Kf8 10. Bh6 Kg8 11. Nf5 1-0

[Event "LSS SN-2009-0-00187"]
[Site "LSS email"]
[Date "2009.09.24"]
[Round "?"]
[White "McGuire, Paul"]
[Black "Jokmin, Guido"]
[Result "0-1"]
[WhiteElo "469"]
[BlackElo "571"]
[PlyCount "32"]
[EventDate "2009.09.11"]
[EventType "tourn (corr)"]
[EventRounds "6"]
[EventCountry "GER"]
[SourceTitle "Corr 2015"]
[Source "ChessBase"]
[SourceDate "2015.07.17"]
[SourceVersion "1"]
[SourceVersionDate "2015.07.17"]
[SourceQuality "1"]

1. d4 d5 2. Bf4 e6 3. e3 Nf6 4. Bd3 Nc6 5. Nf3 Bd6 6. Bxd6 Qxd6 7. 0-0 Bd7 8. c4 0-0 9. c5 Qe7 10. Nbd2 b6 11. Rc1 Nb4 12. Qb3 bxc5 13. dxc5 Nxd3 14. Qxd3 Rab8 15. b3 Bb5 16. Nc4 dxc4 0-1

[Event "LSS No Engine Cup 07 Preliminary 3"]
[Site "LSS email"]
[Date "2009.09.24"]
[Round "?"]
[White "McGuire, Paul"]
[Black "Traczewski, Wojciech"]
[Result "0-1"]
[WhiteElo "469"]
[BlackElo "1382"]
[PlyCount "30"]
[EventDate "2009.09.25"]
[EventType "tourn (corr)"]
[EventRounds "6"]
[EventCountry "GER"]
[SourceTitle "Corr 2015"]
[Source "ChessBase"]
[SourceDate "2015.07.17"]
[SourceVersion "1"]
[SourceVersionDate "2015.07.17"]
[SourceQuality "1"]

1. e4 e5 2. Nf3 Nc6 3. d3 Nf6 4. Be2 d5 5. exd5 Nxd5 6. c4 Bb4+ 7. Bd2 Bxd2+ 8. Nbxd2 Nf4 9. 0-0 Bf5 10. Ne4 0-0 11. a3 Nd4 12. Ng3 Nfxe2+ 13. Nxe2 Nxf3+ 14. gxf3 Qxd3 15. Qxd3 Bxd3 0-1

[Event "LSS No Engine Cup 07 Preliminary 3"]
[Site "LSS email"]
[Date "2009.09.24"]
[Round "?"]
[White "McGuire, Paul"]
[Black "Zimmermann, Jan Erik"]
[Result "0-1"]
[WhiteElo "489"]
[BlackElo "1029"]
[PlyCount "44"]
[EventDate "2009.09.25"]
[EventType "tourn (corr)"]
[EventRounds "6"]
[EventCountry "GER"]
[SourceTitle "Corr 2013"]
[Source "ChessBase"]
[SourceDate "2012.11.12"]
[SourceVersion "1"]
[SourceVersionDate "2012.11.12"]
[SourceQuality "1"]

1. d4 e5 2. dxe5 Nc6 3. e4 Nxe5 4. Nf3 Nxf3+ 5. Qxf3 Qf6 6. Qxf6 Nxf6 7. Bd3 Bc5 8. 0-0 0-0 9. c3 c6 10. b4 Bb6 11. Nd2 d5 12. exd5 Nxd5 13. Bb2 Be6 14. Nc4 Bc7 15. Nd2 Rad8 16. Be4 Nxb4 17. Nf3 Na6 18. a3 Nc5 19. Bc2 Bg4 20. Nd4 Ne6 21. Nxe6 Bxe6 22. Rad1 Bc4 0-1

[Event "LSS RN-2009-0-00230"]
[Site "LSS email"]
[Date "2009.09.23"]
[Round "?"]
[White "McGuire, Paul"]
[Black "Checa, Nicholas de T"]
[Result "0-1"]
[WhiteElo "631"]
[BlackElo "800"]
[PlyCount "38"]
[EventDate "2009.08.27"]
[EventType "tourn (corr)"]
[EventRounds "6"]
[EventCountry "GER"]
[SourceTitle "Telechess CBM 137"]
[Source "ChessBase"]
[SourceDate "2010.07.15"]
[SourceVersion "1"]
[SourceVersionDate "2010.07.15"]
[SourceQuality "1"]

1. c4 c5 2. d4 cxd4 3. Qxd4 Nc6 4. Qd1 Nf6 5. e3 g6 6. Bd3 Bg7 7. Nf3 0-0 8. 0-0 a6 9. Nc3 d6 10. Bd2 Re8 11. Nd4 e5 12. Nxc6 bxc6 13. b4 e4 14. Be2 Re5 15. Rc1 d5 16. cxd5 cxd5 17. Qb3 Re7 18. a4 Be6 19. b5 d4 0-1

[Event "LSS RN-2009-0-00230"]
[Site "LSS email"]
[Date "2009.09.23"]
[Round "?"]
[White "McGuire, Paul"]
[Black "Reed, James A"]
[Result "0-1"]
[WhiteElo "631"]
[BlackElo "800"]
[PlyCount "40"]
[EventDate "2009.08.27"]
[EventType "tourn (corr)"]
[EventRounds "6"]
[EventCountry "GER"]
[SourceTitle "Telechess CBM 137"]
[Source "ChessBase"]
[SourceDate "2010.07.15"]
[SourceVersion "1"]
[SourceVersionDate "2010.07.15"]
[SourceQuality "1"]

1. c4 Nf6 2. d4 e6 3. Nc3 Bb4 4. e3 0-0 5. Nf3 d5 6. cxd5 Nxd5 7. Bd2 a6 8. Be2 h6 9. a3 Ba5 10. b4 Bb6 11. 0-0 c6 12. Nxd5 exd5 13. Qc2 Bc7 14. a4 Re8 15. b5 Be6 16. bxa6 Nxa6 17. Bxa6 Rxa6 18. Bb4 Qf6 19. Rab1 Bf5 20. Qb3 Bxb1 0-1

[Event "LSS RN-2009-0-00230"]
[Site "LSS email"]
[Date "2009.09.23"]
[Round "?"]
[White "McGuire, Paul"]
[Black "Vontina, Maria"]
[Result "0-1"]
[WhiteElo "631"]
[BlackElo "613"]
[PlyCount "62"]
[EventDate "2009.08.27"]
[EventType "tourn (corr)"]
[EventRounds "6"]
[EventCountry "GER"]
[SourceTitle "Telechess CBM 137"]
[Source "ChessBase"]
[SourceDate "2010.07.15"]
[SourceVersion "1"]
[SourceVersionDate "2010.07.15"]
[SourceQuality "1"]

1. c4 Nf6 2. d4 g6 3. Nc3 Bg7 4. Bf4 0-0 5. e3 d6 6. Nf3 Bg4 7. Be2 Re8 8. 0-0 Nc6 9. h3 Bc8 10. a3 a6 11. Qc2 e5 12. dxe5 dxe5 13. Bg5 Be6 14. Rad1 Qe7 15. Bxf6 Bxf6 16. Nd5 Bxd5 17. cxd5 Nb8 18. e4 Qd6 19. b4 Nd7 20. Rc1 Rac8 21. Qb3 c6 22. Rfd1 cxd5 23. Rxc8 Rxc8 24. Rxd5 Qe7 25. Bc4 Nb6 26. Rc5 Rxc5 27. Nd2 Rc8 28. Bd5 Nxd5 29. exd5 Rd8 30. Ne4 Bg7 31. d6 Qd7 0-1

[Event "LSS RN-2009-0-00230"]
[Site "LSS email"]
[Date "2009.09.23"]
[Round "?"]
[White "Ruslin, Alexey"]
[Black "McGuire, Paul"]
[Result "1-0"]
[WhiteElo "968"]
[BlackElo "631"]
[PlyCount "37"]
[EventDate "2009.08.27"]
[EventType "tourn (corr)"]
[EventRounds "6"]
[EventCountry "GER"]
[SourceTitle "Telechess CBM 137"]
[Source "ChessBase"]
[SourceDate "2010.07.15"]
[SourceVersion "1"]
[SourceVersionDate "2010.07.15"]
[SourceQuality "1"]

1. d4 d5 2. Nf3 Bg4 3. e3 e6 4. a3 Nf6 5. b3 Be7 6. Bb2 Nbd7 7. Bd3 c5 8. Nbd2 0-0 9. 0-0 cxd4 10. exd4 a6 11. h3 Bxf3 12. Qxf3 b5 13. Rfe1 Qc7 14. Qe2 Rab8 15. Nf3 Nb6 16. Bc1 Rfc8 17. Ne5 Nbd7 18. Nxf7 Kxf7 19. Qxe6+ 1-0

[Event "LSS SN-2009-0-00187"]
[Site "LSS email"]
[Date "2009.09.23"]
[Round "?"]
[White "Vontina, Maria"]
[Black "McGuire, Paul"]
[Result "1-0"]
[WhiteElo "674"]
[BlackElo "631"]
[PlyCount "55"]
[EventDate "2009.09.11"]
[EventType "tourn (corr)"]
[EventRounds "6"]
[EventCountry "GER"]
[SourceTitle "Telechess CBM 137"]
[Source "ChessBase"]
[SourceDate "2010.07.15"]
[SourceVersion "1"]
[SourceVersionDate "2010.07.15"]
[SourceQuality "1"]

1. d4 d5 2. c4 e6 3. Nc3 Nf6 4. Bg5 Bb4 5. e3 c5 6. Nf3 Bxc3+ 7. bxc3 cxd4 8. cxd4 h6 9. Bxf6 Qxf6 10. Bd3 0-0 11. 0-0 Nc6 12. a3 Ne7 13. c5 b6 14. Qc2 Nf5 15. cxb6 axb6 16. Ne5 Ra7 17. Rfb1 Nd6 18. Rxb6 Nb7 19. Qc6 Na5 20. Qb5 Rd8 21. Nc6 Nxc6 22. Qxc6 Bd7 23. Qc2 Ba4 24. Qb2 g6 25. Rb1 Kg7 26. Rb7 Rxb7 27. Qxb7 Rd7 28. Qa6 1-0

[Event "LSS No Engine Cup Gr04 prel 05 email"]
[Site "LSS email"]
[Date "2009.08.04"]
[Round "?"]
[White "Allwardt, David Lawrence"]
[Black "McGuire, Paul"]
[Result "0-1"]
[WhiteElo "779"]
[BlackElo "631"]
[PlyCount "61"]
[EventDate "2009.08.05"]
[EventType "tourn (corr)"]
[EventRounds "6"]
[EventCountry "GER"]
[SourceTitle "Telechess CBM 137"]
[Source "ChessBase"]
[SourceDate "2010.07.15"]
[SourceVersion "1"]
[SourceVersionDate "2010.07.15"]
[SourceQuality "1"]

1. e4 e5 2. Nf3 d6 3. g3 Nc6 4. Bg2 Be6 5. 0-0 Be7 6. Re1 Nf6 7. Nc3 0-0 8. d4 exd4 9. Nxd4 Nxd4 10. Qxd4 c5 11. Qe3 Rb8 12. Nb5 a6 13. e5 Nd5 14. Bxd5 Bxd5 15. Nc3 Be6 16. Ne4 Bd5 17. Nc3 Bc6 18. a3 dxe5 19. Qxe5 Bf6 20. Qxc5 Bxc3 21. Qxc3 Qb6 22. Be3 Qb5 23. Bc5 Rfe8 24. Rad1 Rbc8 25. Bd4 Be4 26. Rxe4 Rxc3 27. Rxe8+ Qxe8 28. Bxc3 h6 29. Re1 Qc6 30. h4 b5 31. b4 0-1

[Event "LSS No Engine Cup 04 Preliminary 5"]
[Site "LSS email"]
[Date "2009.08.04"]
[Round "?"]
[White "Bilsel, Sabahaddin"]
[Black "McGuire, Paul"]
[Result "1-0"]
[WhiteElo "1934"]
[BlackElo "469"]
[PlyCount "27"]
[EventDate "2009.08.05"]
[EventType "tourn (corr)"]
[EventRounds "6"]
[EventCountry "GER"]
[SourceTitle "Corr 2015"]
[Source "ChessBase"]
[SourceDate "2015.07.17"]
[SourceVersion "1"]
[SourceVersionDate "2015.07.17"]
[SourceQuality "1"]

1. d4 d5 2. c4 e6 3. Nc3 Bb4 4. Nf3 Nf6 5. Bg5 Nbd7 6. cxd5 Bxc3+ 7. bxc3 h6 8. dxe6 hxg5 9. exd7+ Bxd7 10. e3 g4 11. Ne5 Qe7 12. Qb3 0-0-0 13. Rb1 b6 14. Qxf7 1-0

[Event "LSS No Engine Cup 04 Preliminary 5"]
[Site "LSS email"]
[Date "2009.08.04"]
[Round "?"]
[White "McGuire, Paul"]
[Black "Murphy, Jones"]
[Result "0-1"]
[WhiteElo "469"]
[BlackElo "1340"]
[PlyCount "28"]
[EventDate "2009.08.05"]
[EventType "tourn (corr)"]
[EventRounds "6"]
[EventCountry "GER"]
[SourceTitle "Corr 2015"]
[Source "ChessBase"]
[SourceDate "2015.07.17"]
[SourceVersion "1"]
[SourceVersionDate "2015.07.17"]
[SourceQuality "1"]

1. e4 Nf6 2. d3 d5 3. exd5 Nxd5 4. Be2 e5 5. c4 Nb4 6. Nf3 e4 7. dxe4 Qxd1+ 8. Kxd1 Bc5 9. Be3 Bxe3 10. fxe3 0-0 11. Nc3 c6 12. a3 Rd8+ 13. Kc1 Nd3+ 14. Bxd3 Rxd3 0-1

[Event "LSS SN-2009-0-00173"]
[Site "LSS email"]
[Date "2009.08.02"]
[Round "?"]
[White "Neil, Charles"]
[Black "McGuire, Paul"]
[Result "1-0"]
[WhiteElo "526"]
[BlackElo "459"]
[PlyCount "57"]
[EventDate "2009.07.17"]
[EventType "tourn (corr)"]
[EventRounds "6"]
[EventCountry "GER"]
[SourceTitle "Corr 2013"]
[Source "ChessBase"]
[SourceDate "2012.11.12"]
[SourceVersion "1"]
[SourceVersionDate "2012.11.12"]
[SourceQuality "1"]
[WhiteTeam "US of America"]
[BlackTeam "US of America"]
[WhiteTeamCountry "USA"]
[BlackTeamCountry "USA"]

1. e4 e5 2. Nf3 d6 3. Bc4 Bg4 4. Nc3 Nf6 5. h3 Bxf3 6. Qxf3 Be7 7. d3 0-0 8. 0-0 c6 9. a4 a6 10. Be3 Nbd7 11. Rfd1 b5 12. axb5 axb5 13. Bb3 Rxa1 14. Rxa1 Qc7 15. Qg3 Nh5 16. Qg4 Ndf6 17. f4 b4 18. Ne2 c5 19. Qf3 g6 20. f5 Ng7 21. Ng3 Ngh5 22. fxg6 hxg6 23. Nxh5 Nxh5 24. Qg4 Nf6 25. Rf1 Qd8 26. Bh6 Re8 27. Qg3 Kh7 28. Qh4 Nh5 29. Rxf7+ 1-0

[Event "LSS SN-2009-0-00173"]
[Site "LSS email"]
[Date "2009.08.01"]
[Round "?"]
[White "McGuire, Paul"]
[Black "Vontina, Maria"]
[Result "1-0"]
[WhiteElo "631"]
[BlackElo "672"]
[PlyCount "67"]
[EventDate "2009.07.17"]
[EventType "tourn (corr)"]
[EventRounds "6"]
[EventCountry "GER"]
[SourceTitle "Telechess CBM 137"]
[Source "ChessBase"]
[SourceDate "2010.07.15"]
[SourceVersion "1"]
[SourceVersionDate "2010.07.15"]
[SourceQuality "1"]

1. c4 Nf6 2. d4 g6 3. Nc3 Bg7 4. e3 d6 5. Bd2 0-0 6. Bd3 e5 7. dxe5 dxe5 8. Qc2 c6 9. e4 Qb6 10. Nf3 Re8 11. 0-0 Qc7 12. b3 Nbd7 13. Rad1 Nc5 14. Be3 Nxd3 15. Rxd3 Be6 16. Rfd1 Kf8 17. Bc5+ Kg8 18. a4 Nd7 19. Bd6 Qc8 20. c5 Nb8 21. b4 Na6 22. Qb2 Nc7 23. Bxe5 Bg4 24. Bxg7 Kxg7 25. h3 Be6 26. Nd5+ Kh6 27. Qf6 Qd8 28. Qxd8 Rexd8 29. Nxc7 Rxd3 30. Rxd3 Rc8 31. Nxe6 fxe6 32. Ne5 Rc7 33. Rd7 Rxd7 34. Nxd7 1-0

[Event "LSS SN-2009-0-00170"]
[Site "LSS email"]
[Date "2009.07.23"]
[Round "?"]
[White "McGuire, Paul"]
[Black "Vontina, Maria"]
[Result "0-1"]
[WhiteElo "501"]
[BlackElo "711"]
[PlyCount "82"]
[EventDate "2009.07.06"]
[EventType "tourn (corr)"]
[EventRounds "6"]
[EventCountry "GER"]
[SourceTitle "Corr 2013"]
[Source "ChessBase"]
[SourceDate "2012.11.12"]
[SourceVersion "1"]
[SourceVersionDate "2012.11.12"]
[SourceQuality "1"]
[WhiteTeam "US of America"]
[BlackTeam "US of America"]
[WhiteTeamCountry "USA"]
[BlackTeamCountry "USA"]

1. c4 Nf6 2. d4 g6 3. e3 Bg7 4. Bd3 d6 5. Nf3 0-0 6. 0-0 a6 7. Nc3 Re8 8. b3 Bg4 9. Bb2 Nc6 10. h3 Bd7 11. Qc2 e5 12. dxe5 dxe5 13. e4 Be6 14. Rad1 Nb4 15. Qb1 Nc6 16. Nd5 Qc8 17. Bxe5 Nxe5 18. Nxe5 Nxd5 19. cxd5 Bxd5 20. exd5 Rxe5 21. Bc4 Qd7 22. Qd3 Rd8 23. f4 Ree8 24. f5 Qd6 25. f6 Bxf6 26. Qf3 Kg7 27. g4 Rf8 28. Rd2 Bg5 29. Rdf2 Bh4 30. Re2 Qg3+ 31. Qxg3 Bxg3 32. Kg2 Bd6 33. a4 Rde8 34. Ref2 Re5 35. h4 Re4 36. Kh3 Re5 37. Kg2 f5 38. gxf5 Rexf5 39. Rxf5 Rxf5 40. Rxf5 gxf5 41. Kf3 Kf6 0-1

[Event "LSS ZN-2009-0-00683"]
[Site "LSS email"]
[Date "2009.07.22"]
[Round "?"]
[White "McGuire, Paul"]
[Black "Mori, Roberto"]
[Result "1-0"]
[WhiteElo "631"]
[BlackElo "594"]
[PlyCount "69"]
[EventDate "2009.07.19"]
[EventType "match (corr)"]
[EventRounds "2"]
[EventCountry "GER"]
[SourceTitle "Telechess CBM 137"]
[Source "ChessBase"]
[SourceDate "2010.07.15"]
[SourceVersion "1"]
[SourceVersionDate "2010.07.15"]
[SourceQuality "1"]

1. e4 e5 2. d4 exd4 3. Qxd4 Nc6 4. Qd1 Bb4+ 5. c3 Bc5 6. Nf3 Nf6 7. Bd3 Ng4 8. 0-0 0-0 9. h3 Nf6 10. b4 Bb6 11. Bb2 d6 12. Nbd2 a6 13. Qe2 Re8 14. a3 d5 15. e5 h6 16. c4 Nd7 17. cxd5 Na7 18. e6 fxe6 19. dxe6 Nf6 20. Bxf6 Qxf6 21. Bc4 Bxe6 22. Bxe6+ Rxe6 23. Qc4 Kh8 24. Rfe1 Rc6 25. Qe4 Nb5 26. Nc4 Nc3 27. Qd3 Rd8 28. Qf1 a5 29. Nce5 Re6 30. Qc4 axb4 31. axb4 Nd5 32. Ng4 Rxe1+ 33. Rxe1 Qf8 34. Nge5 c6 35. Ng6+ 1-0

[Event "LSS BI-2009-P-00025"]
[Site "LSS email"]
[Date "2009.04.19"]
[Round "?"]
[White "Buzas, Gyula"]
[Black "McGuire, Paul"]
[Result "1-0"]
[WhiteElo "2341"]
[BlackElo "563"]
[PlyCount "43"]
[EventDate "2009.04.20"]
[EventType "tourn (corr)"]
[EventRounds "10"]
[EventCountry "GER"]
[SourceTitle "Corr 2011"]
[Source "ChessBase"]
[SourceDate "2010.08.31"]
[SourceVersion "1"]
[SourceVersionDate "2010.08.31"]
[SourceQuality "1"]

1. d4 d5 2. c4 e6 3. Nf3 Nf6 4. Nc3 Bb4 5. e3 0-0 6. Bd3 c5 7. 0-0 cxd4 8. exd4 b6 9. cxd5 exd5 10. Bg5 Bb7 11. Ne5 Nc6 12. Re1 h6 13. Bh4 Re8 14. Qa4 Bxc3 15. bxc3 Qc7 16. Bxf6 gxf6 17. Ng4 Rxe1+ 18. Rxe1 Kg7 19. Qa3 h5 20. Ne3 Na5 21. Nf5+ Kg8 22. Qc1 1-0

[Event "LSS BI-2009-P-00025"]
[Site "LSS email"]
[Date "2009.04.19"]
[Round "?"]
[White "McGuire, Paul"]
[Black "Fels, Bernhard"]
[Result "0-1"]
[WhiteElo "563"]
[BlackElo "2064"]
[PlyCount "50"]
[EventDate "2009.04.20"]
[EventType "tourn (corr)"]
[EventRounds "10"]
[EventCountry "GER"]
[SourceTitle "Corr 2011"]
[Source "ChessBase"]
[SourceDate "2010.08.31"]
[SourceVersion "1"]
[SourceVersionDate "2010.08.31"]
[SourceQuality "1"]

1. d4 Nf6 2. c4 e5 3. dxe5 Ng4 4. e4 Nxe5 5. Nf3 Bb4+ 6. Bd2 Nxf3+ 7. Qxf3 Bxd2+ 8. Nxd2 0-0 9. Bd3 d6 10. 0-0 Qg5 11. h3 Qxd2 12. b3 Nc6 13. Rfd1 Qg5 14. g4 h5 15. Be2 hxg4 16. Qg3 f5 17. exf5 Bxf5 18. Rd5 Qf6 19. Rad1 gxh3 20. Kh2 Be6 21. Rg5 Qxf2+ 22. Qxf2 Rxf2+ 23. Kg3 Rxe2 24. Rd3 Rf8 25. a3 Rg2+ 0-1

[Event "LSS BI-2009-P-00025"]
[Site "LSS email"]
[Date "2009.04.19"]
[Round "?"]
[White "Nenciulescu, Silviu Catalin"]
[Black "McGuire, Paul"]
[Result "1-0"]
[WhiteElo "2003"]
[BlackElo "569"]
[PlyCount "61"]
[EventDate "2009.04.20"]
[EventType "tourn (corr)"]
[EventRounds "10"]
[EventCountry "GER"]
[SourceTitle "Corr 2011"]
[Source "ChessBase"]
[SourceDate "2010.08.31"]
[SourceVersion "1"]
[SourceVersionDate "2010.08.31"]
[SourceQuality "1"]

1. e4 e5 2. Nf3 d6 3. d4 exd4 4. Nxd4 c5 5. Nf3 Bg4 6. Be2 Nf6 7. Nbd2 Nc6 8. c3 Be7 9. 0-0 0-0 10. Qb3 b6 11. Re1 h6 12. Qc2 Qd7 13. h3 Bxf3 14. Nxf3 Ne5 15. Bf4 Qe6 16. b3 g5 17. Bg3 Nxf3+ 18. Bxf3 Rab8 19. e5 dxe5 20. Rxe5 Qd7 21. Rd1 Qe8 22. Rde1 Qd8 23. Rxe7 Rc8 24. Qf5 Nh7 25. Bh5 Rc6 26. Bxf7+ Kh8 27. Be5+ Nf6 28. Bxf6+ Rxf6 29. Qxf6+ Kh7 30. Bg6+ Kg8 31. Bh7# 1-0

[Event "LSS SN-2009-0-00144"]
[Site "LSS email"]
[Date "2009.04.05"]
[Round "?"]
[White "McGuire, Paul"]
[Black "Sagi, Raju"]
[Result "1-0"]
[WhiteElo "569"]
[BlackElo "323"]
[PlyCount "57"]
[EventDate "2009.03.11"]
[EventType "tourn (corr)"]
[EventRounds "6"]
[EventCountry "GER"]
[SourceTitle "Corr 2011"]
[Source "ChessBase"]
[SourceDate "2010.08.31"]
[SourceVersion "1"]
[SourceVersionDate "2010.08.31"]
[SourceQuality "1"]

1. d4 d5 2. Nf3 g6 3. Bf4 Nf6 4. e3 Bg7 5. Bd3 0-0 6. 0-0 Nc6 7. c4 b6 8. Nc3 Be6 9. Qe2 Nb4 10. a3 Nxd3 11. Qxd3 dxc4 12. Qd2 Bd5 13. Nxd5 Nxd5 14. Bg3 b5 15. Rac1 Re8 16. Be5 Bxe5 17. Nxe5 Qd6 18. e4 e6 19. exd5 Qxd5 20. f4 f5 21. h3 a6 22. Rf3 Rad8 23. Qa5 Qxd4+ 24. Kh2 Qxb2 25. Qxc7 Qxc1 26. Qf7+ Kh8 27. Qf6+ Kg8 28. Nf7 Rd7 29. Nh6# 1-0

[Event "LSS SN-2009-0-00144"]
[Site "LSS email"]
[Date "2009.04.05"]
[Round "?"]
[White "Yangibayev, Rustam"]
[Black "McGuire, Paul"]
[Result "0-1"]
[WhiteElo "765"]
[BlackElo "569"]
[PlyCount "62"]
[EventDate "2009.03.11"]
[EventType "tourn (corr)"]
[EventRounds "6"]
[EventCountry "GER"]
[SourceTitle "Corr 2011"]
[Source "ChessBase"]
[SourceDate "2010.08.31"]
[SourceVersion "1"]
[SourceVersionDate "2010.08.31"]
[SourceQuality "1"]

1. d4 d5 2. Nf3 Nf6 3. e3 e6 4. Bd3 Bd6 5. Nbd2 0-0 6. Ng5 h6 7. Ngf3 c5 8. dxc5 Bxc5 9. Nb3 b6 10. 0-0 Bb7 11. Nbd4 Nc6 12. c3 Bxd4 13. exd4 Qc7 14. h3 a5 15. Be3 Ba6 16. Rc1 Bxd3 17. Qxd3 Ne4 18. Rfe1 Rab8 19. Nh2 Ne7 20. Ng4 Nf5 21. Ne5 Nxe3 22. Rxe3 f5 23. Rce1 Rbe8 24. f3 Nd6 25. Qc2 Nc4 26. Ng6 Rf6 27. R3e2 Rxg6 28. Qa4 Re7 29. Kf2 Qg3+ 30. Kf1 Ne3+ 31. Kg1 Nxg2 0-1

[Event "LSS RN-2009-0-00198"]
[Site "LSS email"]
[Date "2009.03.18"]
[Round "?"]
[White "Zukan, Jakob"]
[Black "McGuire, Paul"]
[Result "1-0"]
[WhiteElo "882"]
[BlackElo "564"]
[PlyCount "53"]
[EventDate "2009.03.02"]
[EventType "tourn (corr)"]
[EventRounds "6"]
[EventCountry "GER"]
[SourceTitle "Corr 2011"]
[Source "ChessBase"]
[SourceDate "2010.08.31"]
[SourceVersion "1"]
[SourceVersionDate "2010.08.31"]
[SourceQuality "1"]

1. d4 d5 2. Nf3 Bf5 3. e3 e6 4. Bd3 Bxd3 5. Qxd3 Nf6 6. 0-0 Bd6 7. Qb5+ Nbd7 8. Qxb7 0-0 9. Nc3 c5 10. Nb5 Rb8 11. Qa6 Qb6 12. Qxb6 Rxb6 13. Nxd6 Rxd6 14. b3 cxd4 15. Nxd4 e5 16. Nb5 Ra6 17. Rd1 Nb6 18. Bb2 e4 19. Bd4 Ra5 20. Bxb6 axb6 21. Nc3 Rd8 22. Na4 b5 23. Nc5 Ra7 24. b4 Rc7 25. a4 bxa4 26. Rxa4 h6 27. c4 1-0

[Event "LSS RN-2009-0-00197"]
[Site "LSS email"]
[Date "2009.03.13"]
[Round "?"]
[White "Ozdemir, Zafer Omer"]
[Black "McGuire, Paul"]
[Result "1-0"]
[WhiteElo "659"]
[BlackElo "564"]
[PlyCount "77"]
[EventDate "2009.02.28"]
[EventType "tourn (corr)"]
[EventRounds "6"]
[EventCountry "GER"]
[SourceTitle "Corr 2011"]
[Source "ChessBase"]
[SourceDate "2010.08.31"]
[SourceVersion "1"]
[SourceVersionDate "2010.08.31"]
[SourceQuality "1"]

1. e4 e5 2. Nf3 d6 3. d4 exd4 4. Nxd4 c5 5. Nb5 Nf6 6. Bg5 a6 7. N5c3 Be7 8. h4 Nc6 9. Nd5 Be6 10. f3 h6 11. Nxe7 Qxe7 12. Bxf6 gxf6 13. Nc3 b5 14. Be2 Rg8 15. g4 0-0-0 16. Nd5 Bxd5 17. Qxd5 Kc7 18. 0-0-0 Nb4 19. Qb3 Qe5 20. Qxf7+ Kc6 21. a3 Rgf8 22. Qb3 Qf4+ 23. Kb1 Nxc2 24. Qxc2 Qe3 25. Rhe1 Qf4 26. Qd3 Kb6 27. a4 c4 28. Qd4+ Kc6 29. axb5+ axb5 30. Qd5+ Kb6 31. b3 Rfe8 32. bxc4 bxc4 33. Qxc4 Rc8 34. Qa6+ Kc7 35. Rc1+ Kd7 36. Qb7+ Ke6 37. Rxc8 Rxc8 38. Qxc8+ Ke5 39. Rd1 1-0

[Event "LSS SN-2009-0-00140"]
[Site "LSS email"]
[Date "2009.03.12"]
[Round "?"]
[White "Molina, Vicente Andres"]
[Black "McGuire, Paul"]
[Result "1/2-1/2"]
[WhiteElo "782"]
[BlackElo "569"]
[PlyCount "78"]
[EventDate "2009.02.27"]
[EventType "tourn (corr)"]
[EventRounds "6"]
[EventCountry "GER"]
[SourceTitle "Corr 2011"]
[Source "ChessBase"]
[SourceDate "2010.08.31"]
[SourceVersion "1"]
[SourceVersionDate "2010.08.31"]
[SourceQuality "1"]

1. c4 c5 2. Nf3 Nf6 3. Nc3 e6 4. g3 Be7 5. Bg2 Nc6 6. e3 d5 7. cxd5 exd5 8. d4 Bf5 9. 0-0 cxd4 10. Nxd4 Nxd4 11. exd4 Be6 12. Re1 0-0 13. Bg5 h6 14. Bf4 a6 15. Be5 b5 16. a3 Rc8 17. Rc1 Bd6 18. f4 Bxe5 19. dxe5 d4 20. Ne4 Nxe4 21. Bxe4 Rxc1 22. Qxc1 Bd5 23. Bxd5 Qxd5 24. Qc7 d3 25. Qd6 Qf3 26. e6 fxe6 27. Qxe6+ Kh8 28. Qe7 Rg8 29. Rf1 Qg4 30. f5 d2 31. f6 d1Q 32. fxg7+ Kh7 33. Rxd1 Qxd1+ 34. Kg2 Rxg7 35. Qe4+ Kg8 36. Qe8+ Kh7 37. Qe4+ Kh8 38. Qe8+ Rg8 39. Qe5+ Kh7 1/2-1/2

[Event "LSS SN-2009-0-00139"]
[Site "LSS email"]
[Date "2009.03.08"]
[Round "?"]
[White "McGuire, Paul"]
[Black "Brouwer, Mariska Angela"]
[Result "0-1"]
[WhiteElo "564"]
[BlackElo "1235"]
[PlyCount "38"]
[EventDate "2009.02.25"]
[EventType "tourn (corr)"]
[EventRounds "6"]
[EventCountry "GER"]
[SourceTitle "Corr 2011"]
[Source "ChessBase"]
[SourceDate "2010.08.31"]
[SourceVersion "1"]
[SourceVersionDate "2010.08.31"]
[SourceQuality "1"]

1. e4 c5 2. d4 cxd4 3. Qxd4 Nc6 4. Qd1 e5 5. Nf3 Nf6 6. Bd3 Bc5 7. 0-0 0-0 8. Bg5 h6 9. Bxf6 Qxf6 10. c3 a6 11. b4 Ba7 12. Nbd2 d6 13. a4 a5 14. b5 Ne7 15. c4 Ng6 16. Nb3 Nf4 17. Qd2 Nxg2 18. Kxg2 Bh3+ 19. Kg3 Qe6 0-1